• 首页
  • 本馆介绍
  • 公告通知
  • 最新文献
  • 馆藏检索
  • 电子资源
  • 读者导购
  • 参考咨询
  • 我的图书馆
  • 登录
  • 详细信息显示
  • 放入我的书架
  • 预约/预借图书
  • 作者相关作品
  • 分类相关作品
  • 丛书相关作品
  • 出版社相关作品

书目信息

  • 表格格式
  • 工作单格式
  • 卡片格式
题名:
胡氏書畫考三種
    
 
作者: 胡敬, 撰 ;刘英 点校
分册:  
出版信息: 杭州   浙江人民美術出版社  2019.12
页数: 469页
开本: 21cm
丛书名: 藝術文獻集成
单 册:
中图分类: J292.112.6 , J212.092.49
科图分类:
主题词: 书法--shu fa--研究--中国--清代 , 中国画--zhong guo hua--绘画研究--中国--清代
电子资源:
ISBN: 978-7-5340-7506-3
000 01344nam 2200373 450
001 CAL 090266061
005 20230217093111.0
010    @a978-7-5340-7506-3@dCNY79.80
100    @a20191224d2019 em y0chiy0120 ea
101 0  @achi
102    @aCN@b330000
105    @ay z 000yy
106    @ar
200 1  @a胡氏書畫考三種@Ahu shi shu hua kao san zhong@f(清) 胡敬
210    @a杭州@c浙江人民美術出版社@d2019.12
215    @a469页@d21cm
225 2  @a藝術文獻集成@Ayi shu wen xian ji cheng
314    @a版权页题: 劉英點校
327 1  @a南薰殿图像考 ;@a国朝院画录 ;@a西清劄记.
330    @a本书以道光二十三年崇雅堂刊本为底本, 对中国古代艺术方面的经典原著《胡氏书画考三种》予以重新校点整理, 全书共八卷, 即《南薰殿图像考》二卷、《国朝院画录》二卷、《西清劄记》四卷。
410  0 @12001 @a藝術文獻集成
517 1  @a南薰殿图像考@Anan xun dian tu xiang kao
517 1  @a国朝院画录@Aguo chao yuan hua lu
517 1  @a西清劄记@Axi qing zha ji
518 1  @a胡氏书画考三种
606 0  @a书法@Ashu fa@x研究@y中国@z清代
606 0  @a中国画@Azhong guo hua@x绘画研究@y中国@z清代
690    @aJ292.112.6@v5
690    @aJ212.092.49@v5
701  0 @a胡敬,@Ahu jing@f1769-1845@4撰
702  0 @a刘英@Aliu ying@4点校
730 1  @a劉英@Aliu ying@4點校
801  0 @aCN@bBJXHZP@c20230228
905    @b1398133-6@dJ292.112.6@e763@f4
    
    胡氏書畫考三種/(清) 胡敬.-杭州:浙江人民美術出版社,2019.12
    469页;21cm.-(藝術文獻集成)
    
    部分内容:南薰殿图像考 ;;国朝院画录 ;;西清劄记.
    ISBN 978-7-5340-7506-3:CNY79.80
    本书以道光二十三年崇雅堂刊本为底本, 对中国古代艺术方面的经典原著《胡氏书画考三种》予以重新校点整理, 全书共八卷, 即《南薰殿图像考》二卷、《国朝院画录》二卷、《西清劄记》四卷。
●
相关链接 在E读中查询图书 在五车中查询图书 在当当中查询图书 在豆瓣中查询图书


正题名:胡氏書畫考三種     索取号:J292.112.6/763         预约/预借

序号 登录号 条形码 馆藏地/架位号 状态 备注
1 1398133   213981333   第一样本阅览室/ [索取号:J292.112.6/763] 在馆    
2 1398134   213981342   第一借阅区/ [索取号:J292.112.6/763] 在馆    
3 1398135   213981351   第一借阅区/ [索取号:J292.112.6/763] 在馆    
4 1398136   213981360   第一借阅区/ [索取号:J292.112.6/763] 在馆    
唐山师范学院图书馆 欢迎您!
大连网信软件有限公司© 版权所有